000 00449nam a2200145Ia 4500
005 20260328104332.0
008 260328s9999||||xx |||||||||||||| ||und||
100 _aRapoport, Amos
245 0 _aAspectos Humanos de la Forma Urbana :
_b Hacia una confrontación de las ciencias Sociales con el Diseño de la Forma Urbana. /
_cAmos Rapoport
250 _aOriginal
260 _bGustavo Gili
300 _a376 p.
650 _aURBANISMO
942 _cBK
999 _c11748
_d11748